| Tag |
First Indicator |
Second Indicator |
Subfields |
| LEADER |
00000cam a2200000 a 4500 |
| 001 |
in00000092010 |
| 005 |
20151008064122.0 |
| 007 |
he bm----b--- |
| 008 |
810625r19781854kyuab bd 00010 eng d |
| 035 |
|
|
|a (OCoLC)07530890
|
| 035 |
|
|
|9 AAK3564AM
|
| 040 |
|
|
|a MIA
|c MIA
|d TXA
|d UtOrBLW
|
| 049 |
|
|
|a TXAI
|
| 099 |
|
|
|a fiche
|a C
|a 3851
|
| 100 |
1 |
|
|a McCulloch, J. R.
|q (John Ramsay),
|d 1789-1864.
|
| 245 |
1 |
2 |
|a A dictionary, geographical, statistical, and historical of the various countries, places, and principal natural objects in the world /
|c by J.R. McCulloch.
|
| 250 |
|
|
|a A new ed. rev., with a supplement.
|
| 264 |
|
1 |
|a London :
|b Longman, Brown, Green and Longmans,
|c 1854.
|
| 300 |
|
|
|a 2 volumes :
|b illustrations, folded maps ;
|c 22 cm.
|
| 336 |
|
|
|a text
|b txt
|2 rdacontent
|
| 337 |
|
|
|a microform
|b h
|2 rdamedia
|
| 338 |
|
|
|a microfiche
|b he
|2 rdacarrier
|
| 500 |
|
|
|a "Sabin : 43127."
|
| 500 |
|
|
|a "Copied from the original in te Library of Congress."
|
| 533 |
|
|
|a Microfiche.
|b Louisville, [Ky.] :
|c Lost Cause Press,
|d 1978.
|e 24 microfiches : ill., folded maps ; 11 x 15 cm.
|f ([Bibliotheca Americana. Selected Americana. Microfiche ed. / J. Sabin]) (Fiche book)
|
| 500 |
|
|
|a Microform.
|
| 650 |
|
0 |
|a Geography
|v Dictionaries.
|
| 999 |
|
|
|a MARS
|
| 999 |
f |
f |
|s f8d27b3d-c80f-3d77-95fa-d8f2d535972c
|i e33167c1-bf1e-3ea8-835a-851a3e7f67a7
|t 0
|
| 952 |
f |
f |
|p normal
|a Texas A&M University
|b College Station
|c Sterling C. Evans Library
|d Evans: Microforms (3rd floor)
|t 0
|e fiche C 3851
|h Other scheme
|i microform -- microfiche
|k v.2
|m A14821396837
|
| 952 |
f |
f |
|p normal
|a Texas A&M University
|b College Station
|c Sterling C. Evans Library
|d Evans: Microforms (3rd floor)
|t 0
|e fiche C 3851
|h Other scheme
|i microform -- microfiche
|k v.1
|m A14821396780
|
| 998 |
f |
f |
|a fiche C 3851
|s v.1-v.2
|t 0
|l Evans: Microforms (3rd floor)
|